Guess the lyrics (#86) - Statistics

General Stats
  • This quiz has been taken 106 times
  • The average score is 151 of 300
Answer Stats
Answer % Correct
I
100%
a
97%
you
96%
You
96%
The
95%
the
95%
love,
91%
love
91%
when
88%
your
88%
in
87%
and
86%
to
84%
do
81%
me
81%
my
81%
My
81%
what
78%
be
77%
can
74%
on
74%
have
68%
I’m
68%
that
68%
if
66%
you’re
64%
It’s
61%
it’s
61%
don’t
60%
of
60%
know
58%
Oh
56%
Oh,
56%
all
55%
All
55%
at
55%
could
55%
need
55%
as
53%
one
53%
got
49%
I’ll
49%
say
49%
up
47%
but
45%
But
45%
get
45%
Just
45%
never
45%
should
44%
I’d
43%
from
42%
heart
40%
heart,
40%
more
40%
out
40%
was
40%
any
39%
think
39%
did
38%
Or
36%
feel
35%
somethin’
35%
couldn’t
32%
eyes,
32%
everything
31%
head
30%
make
29%
face
27%
lover,
27%
really
27%
back
26%
hand
26%
these
26%
sun
25%
keep
23%
seen
23%
Wake
23%
being
22%
days
22%
didn’t
22%
into
22%
that’s
22%
without
22%
away
21%
’Cause
21%
leave
21%
made
19%
stole
19%
Maggie,
18%
Maggie
18%
mornin’
18%
soul,
18%
tried
18%
used
18%
wanna
18%
home
17%
late
17%
myself
16%
alone
14%
friend
14%
needed
14%
school
14%
September
14%
amused,
13%
bed,
13%
none,
13%
roll
13%
wished
13%
first
12%
living
12%
pain
12%
rock
12%
save
12%
fool
10%
jokes
10%
needs
10%
steal
10%
anyway
9%
coax
9%
cue
9%
find
9%
helpin’
9%
hurts
9%
laughed
9%
morning,
9%
mother,
9%
turned
9%
wore
9%
worry
9%
wreck
9%
age
8%
band
8%
daddy’s
8%
kick
8%
lend
8%
shows
8%
guiding
6%
led
6%
pool
6%
blind
5%
class
5%
playin’
5%
suppose
5%
books
4%
collect
4%
No matching quizzes found
Score Distribution
Percent of People with Each Score
Percentile by Number Answered
Your Score History
You have not taken this quiz